000 00407nam a2200157 4500
001 116515
003 ES-MaACL
005 20230906190723.0
007 t|
008 061121s1903 fr r ||||1| fre d
100 1 _aPaulhan, Frédéric (
_d1856-1931)
_989647
245 1 3 _aLa volonte /
_cpar Fr. Paulhan.
260 _aParis :
_bDoin,
_c1903.
300 _a324 p. ;
_c18 cm.
852 _aES-MaACL
_jF-11425
999 _c116515
_d116515